A treatise on advanced calculus: including those parts of the theory of functions of a real and complex variables which from the logical basis of the infinitesimal analysis and its applications to geometry and physics

Saved in:
Bibliografiske detaljer
Hovedforfatter: Franklin, Philip (Author)
Format: Bog
Sprog:engelsk
Udgivet: Nueva York John Wiley and Sons 1940
Fag:
Tags: Tilføj Tag
Ingen Tags, Vær først til at tagge denne postø!

MARC

LEADER 00000nam a2200000 a 4500
001 UCP1383
003 CL-VaPUC
008 990409e19400000US |||||||||||||||||eng|d
082 0 4 |a 515  |b FRA  |2 21 
100 0 |a Franklin, Philip  |e author  |9 427405 
245 1 2 |a A treatise on advanced calculus: including those parts of the theory of functions of a real and complex variables which from the logical basis of the infinitesimal analysis and its applications to geometry and physics 
300 |a 595 p 
942 |c BK 
945 |d 19990409 00:00:00  |a crobeson 
260 |a Nueva York  |b John Wiley and Sons  |c 1940 
650 0 |a Cálculo  |9 260234 
650 0 |a Cálculo diferencial   |9 260102 
650 0 |a Cálculo integral  |9 260103 
650 0 |a Funciones analíticas  |9 270036 
650 0 |a Funciones de variables reales  |9 304566 
650 0 |a Funciones de variables complejas  |9 260212 
650 0 |a Física matemática   |9 260981 
650 0 |a Análisis complejo   |9 260214 
650 0 |a Números complejos  |9 270335 
583 |a last modification  |c 19990409 00:00:00  |k Rodrigo Vera 
999 |c 280065  |d 280063 
952 |0 0  |1 0  |4 0  |6 515_000000000000000_FRA_1940  |7 0  |8 A  |9 320060  |a BIBMAT  |b BIBMAT  |d 2019-11-20  |i 1340263  |o 515 FRA 1940  |p 1340263  |r 2025-01-07  |w 2019-11-20  |y BK  |k MAT